Paraná state’s strategic areas for biodiversity conservation and restoration include the majority of threatened plant species in the most degraded phytogeographic units (Registro n. 339181)
[ somente texto ]
| 000 -LÍDER | |
|---|---|
| fixed length control field | 04376nab a2200325 i 4500 |
| 003 - CÓDIGO MARC DA AGÊNCIA CATALOGADORA | |
| Campo de controle | BR-BrBNA |
| 005 - DATA E HORA DA ÚLTIMA ATUALIZAÇÃO | |
| Campo de controle | 20251124131041.0 |
| 008 - CAMPO DE TAMANHO FIXO | |
| fixed length control field | 251124b2023 bl.ar|pooa||| 00| 0 eng | |
| 040 ## - FONTE DA CATALOGAÇÃO | |
| Agência catalogadora | BR-BrBNA |
| Idioma da catalogação | eng |
| 072 ## - CATEGORIA AGRIS | |
| Código AGRIS | P01 |
| 072 ## - CATEGORIA AGRIS | |
| Código AGRIS | F70 |
| 100 ## - ENTRADA PRINCIPAL - NOME PESSOAL | |
| Nome pessoal | Sampaio, André Cesar Furlaneto |
| 100 ## - ENTRADA PRINCIPAL - NOME PESSOAL | |
| Nome pessoal | Gurski, Elivelton Marcos |
| 100 ## - ENTRADA PRINCIPAL - NOME PESSOAL | |
| Nome pessoal | Hoffmann, Pablo Melo |
| 100 ## - ENTRADA PRINCIPAL - NOME PESSOAL | |
| Nome pessoal | Bizarro, Ollyver Mauricio Rech |
| 100 ## - ENTRADA PRINCIPAL - NOME PESSOAL | |
| Nome pessoal | Velazco, Santiago José Elías |
| 100 ## - ENTRADA PRINCIPAL - NOME PESSOAL | |
| Nome pessoal | Blum, Christopher Thomas |
| 245 ## - TÍTULO PRINCIPAL | |
| Título principal | Paraná state’s strategic areas for biodiversity conservation and restoration include the majority of threatened plant species in the most degraded phytogeographic units |
| 500 ## - NOTA GERAL | |
| Nota geral | Publicação on-line; Bibliography p. 11-14 (63 ref.); 3 tables; 2 illus.; Summaries (En, Pt) |
| 942 ## - ADDED ENTRY ELEMENTS (KOHA) | |
| Koha item type | Analítica |
| 520 ## - NOTA DE RESUMO | |
| Nota de conteúdo | <br/><br/>Abstract<br/><br/>Designing strategic areas for biodiversity protection should help prevent species extinction. However, these<br/>delimitations are rarely evaluated for their effectiveness. To determine whether the original design of the Strategic<br/>Areas for the Conservation and Restoration of Biodiversity in Paraná (AECR) adequately protected the species and<br/>identify the species most likely to become extinct in the region, we analyzed occurrence records for threatened flora<br/>in the state’s most degraded phytogeographic regions (Araucaria Forest, Cerrado, and grassland). We developed<br/>a list of threatened species for Paraná using herbarium records. We also compiled a threatened species occurrence<br/>list for the region by filtering through the herbarium records. Based on the main concepts defining threat status and<br/>gap species, we identified the species at an elevated risk of extinction in the study region. A total of 644 threatened<br/>species were detected in the regions studied, 86% of which have been recorded within the AECR, and 30% can<br/>be characterized as gap species. The species distribution polygons accounted for 98% of species within the AECR<br/>and 4% as gap species. A total of 54 species (8.38% of the total) are at a higher risk of extinction.<br/><br/>Key words: gap species, landscape ecology, Paraná flora, public policy, strategic areas for biodiversity conservation<br/>in Paraná.<br/><br/><br/><br/><br/><br/>Resumo<br/><br/>A concepção de áreas estratégicas para a proteção da biodiversidade deve ajudar a prevenir a extinção das espécies,<br/>porém, estas áreas raramente são avaliadas quanto à sua eficácia. Analisamos os registros de ocorrência de espécies<br/>ameaçadas da flora nas regiões fitogeográficas mais degradadas do Paraná (Floresta de Araucária, Cerrado e Campos)<br/>com o objetivo de determinar se o desenho original das Áreas Estratégicas para a Conservação e Restauração da<br/>Biodiversidade no Paraná (AECR) protegia adequadamente as espécies, bem como identificar as espécies com<br/>maior probabilidade de extinção na região. Compilamos uma lista de ocorrência de espécies ameaçadas para região<br/>por meio de filtragens nos registros de herbário. Comparamos registros individuais e polígonos de distribuição de<br/>espécies para determinar a relação entre as ocorrências de espécies e as AECR. Com base nos principais conceitos<br/>para determinação dos status de ameaça e de espécies lacunas, foram apontadas as espécies mais fragilizadas na<br/>região. Identificamos a presença de 644 espécies ameaçadas nas unidades fitogeográficas em estudo, das quais<br/>86% possuem registro dentro das AECR e 30% podem ser caracterizadas como lacunas. Ao utilizar polígonos de<br/>distribuição verificamos variação, computando 98% dentro das AECR e apenas 4% como lacunas. Determinamos<br/>que 8.38% (54 spp) podem ser caracterizadas como as mais fragilizadas da região.<br/><br/>Palavras-chave: espécies lacunas, ecologia da paisagem, flora paranaense, políticas públicas, áreas estratégicas<br/>para conservação da biodiversidade no Paraná. |
| 650 ## - ASSUNTO - THESAGRO | |
| Cabeçalho tópico ou nome geográfico | ECOLOGIA |
| 650 ## - ASSUNTO - THESAGRO | |
| Cabeçalho tópico ou nome geográfico | FLORA |
| 650 ## - ASSUNTO - THESAGRO | |
| Cabeçalho tópico ou nome geográfico | POLÍTICAS PÚBLICAS |
| 650 ## - ASSUNTO - THESAGRO | |
| Cabeçalho tópico ou nome geográfico | CONSERVAÇÃO |
| 650 ## - ASSUNTO - THESAGRO | |
| Cabeçalho tópico ou nome geográfico | BIODIVERSIDADE |
| 773 0# - ENTRADA ANALÍTICA | |
| Host Biblionumber | 709 |
| Registro do item | 359038 |
| Imprenta | Rio de Janeiro-RJ Jardim Botanico do Rio de Janeiro 1935 |
| Outro identificador | 2025-7012 |
| Título | Rodriguésia (Brazil) |
| ISSN | 0370-6583; 2175-7860 on-line |
| Colação | v. 74 p. 1-14; (2023) |
| Número de controle de registro | BR2025004491 |
| 856 ## - ACESSO E ENDEREÇO ELETRÔNICO | |
| Identificador uniforme de recurso - URI | https://www.scielo.br/j/rod/a/nj6dn9rNhJXh6sK7ypcxJVQ/?format=pdf&lang=en |
Nenhum exemplar disponível.

BINAGRI